Culture Générale - Série 923 - Statistiques

Statistiques générales
  • Ce quiz a été pris 103 fois
  • Le résultat moyen est 5 sur 10
Statistiques - réponses
Question Réponse % Correct
De quel mot le "G", du sigle T.G.V., est-il la première lettre ? Grande
95%
Quel accessoire de plage est également l'autre nom donné au pin pignon ? parasol
80%
Quel nom d'origine italienne donne-t-on au café expresso surmonté d'une mousse de lait saupoudrée de chocolat ? cappuccino
65%
Comment se prénomme le personnage de Jennifer Aniston, dans "Friends" ? Rachel
61%
Sur quelle place de Londres se dresse la colonne de Nelson ? Trafalgar Square
61%
En 1640, à quel dramaturge doit-on la tragédie “Horace” ? Pierre Corneille
51%
En 1988, quel historien français médiatique est nommé ministre délégué chargé de la Francophonie ? Alain Decaux
33%
Dans le costume de quel héros Philippe Candeloro a-t-il décroché une médaille de bronze aux J.O. de Nagano ? D'Artagnan
31%
Quelle déesse romaine préside au feu du foyer domestique ? Vesta
27%
Quel film a réalisé Howard Hawks en 1932, sur un gangster célèbre ? Scarface
23%
Aucun quiz correspondant
Distribution des résultats
% des personnes avec chaque résultat
Percentile par nombre de réponses
Votre historique - résultats
Vous n’avez pas pris ce quiz